Chương trình chăm sóc giáo dục mẫu giáo và hướng dẫn thực hiện (3-4 tuổi)

Đã lưu trong:
Bibliografiske detaljer
Hovedforfatter: Trần, Thị Trọng
Andre forfattere: Phạm, Thị Sửu
Format: Bog
Sprog:Undetermined
Udgivet: H. Giáo dục 1995
Fag:
Online adgang:http://lrc.tdmu.edu.vn/opac/search/detail.asp?aID=2&ID=4190
Tags: Tilføj Tag
Ingen Tags, Vær først til at tagge denne postø!
Thư viện lưu trữ: Trung tâm Học liệu Trường Đại học Thủ Dầu Một
LEADER 00719nam a2200205Ia 4500
001 TDMU_4190
008 210410s9999 xx 000 0 und d
082 |a 372.2137 
090 |b TR121 
100 |a Trần, Thị Trọng 
245 0 |a Chương trình chăm sóc giáo dục mẫu giáo và hướng dẫn thực hiện (3-4 tuổi) 
245 0 |c Trần Thị Trọng 
260 |a H. 
260 |b Giáo dục 
260 |c 1995 
300 |a 168tr. 
650 |a Giáo dục mầm non  |x Chương trình 
700 |a Phạm, Thị Sửu 
856 |u http://lrc.tdmu.edu.vn/opac/search/detail.asp?aID=2&ID=4190 
980 |a Trung tâm Học liệu Trường Đại học Thủ Dầu Một